[Event "Woerishofen sen 2016"]
[Site "Bad Woerishofen"]
[Date "2016.03.04"]
[Round "8.38"]
[White "Bachmann, Rolf"]
[Black "Weyand, Fernand"]
[Result "1-0"]
[WhiteElo "1993"]
[BlackElo "1788"]
[PlyCount "27"]
[EventDate "2016.02.26"]
[EventType "swiss"]
[EventCountry "GER"]
[WhiteTeam "Hamm SV"]
[BlackTeam "Saarbruecken SVG"]
[WhiteTeamCountry "GER"]
[BlackTeamCountry "GER"]

1. d4 d5 2. Nf3 Nf6 3. Bf4 Bf5 4. c3 e6 5. Qb3 Qc8 6. Nbd2 Nbd7 7. Nh4 Bg6 8.
Nxg6 hxg6 9. h3 Nb6 10. e3 Qd7 11. Bh2 Bd6 12. f4 a6 13. a4 c6 14. Qxb6 1-0

[Event "Woerishofen sen 2016"]
[Site "Bad Woerishofen"]
[Date "2016.03.04"]
[Round "8.39"]
[White "Boldt, Heinrich"]
[Black "Koch, Dieter"]
[Result "1-0"]
[WhiteElo "1862"]
[BlackElo "1747"]
[PlyCount "77"]
[EventDate "2016.02.26"]
[EventType "swiss"]
[EventCountry "GER"]
[WhiteTeam "Kareth Lappersdorf TSV"]
[BlackTeam "-"]
[WhiteTeamCountry "GER"]

1. d4 d6 2. Bf4 g6 3. Nf3 Nf6 4. h3 Bg7 5. e3 O-O 6. Bd3 c6 7. Nbd2 Re8 8. e4
Nh5 9. Bh2 e5 10. c3 Nf4 11. Bxf4 exf4 12. Qb3 Qe7 13. O-O-O Be6 14. d5 cxd5
15. exd5 Bc8 16. Qb4 Na6 17. Qxf4 Qc7 18. Kb1 Nc5 19. Bc2 b5 20. Rhe1 Rf8 21.
Nd4 Bd7 22. Re7 Be5 23. Qh4 Qd8 24. N2f3 Bg7 25. Rde1 f6 26. Qg3 Be8 27. b4 Qb6
28. bxc5 Qa5 29. Qxd6 Bf7 30. Ne6 Qxc3 31. Nxf8 Bxf8 32. Qc7 Bxd5 33. R7e3 Qb4+
34. Bb3 Bxc5 35. Re8+ Bf8 36. Rxa8 Bxb3 37. Rxf8+ Kxf8 38. Qd8+ Kg7 39. Qe7+
1-0

[Event "Woerishofen sen 2016"]
[Site "Bad Woerishofen"]
[Date "2016.03.04"]
[Round "8.40"]
[White "Reichwald, Klaus"]
[Black "Collins, Alan"]
[Result "1/2-1/2"]
[WhiteElo "1852"]
[BlackElo "1753"]
[PlyCount "82"]
[EventDate "2016.02.26"]
[EventType "swiss"]
[EventCountry "GER"]
[WhiteTeam "Lohhof SC"]
[BlackTeam "ENG"]
[WhiteTeamCountry "GER"]
[BlackTeamCountry "ENG"]

1. e4 d6 2. d4 Nf6 3. Nc3 c6 4. Bd3 Qb6 5. Nge2 e5 6. dxe5 dxe5 7. O-O Be6 8.
Be3 Qc7 9. h3 Bd6 10. a3 Nbd7 11. b4 O-O 12. Ng3 Rad8 13. Qe2 b5 14. Rad1 Nb6
15. Nf5 Bxf5 16. exf5 Nbd5 17. Nxd5 Nxd5 18. Bd2 f6 19. g3 Kh8 20. c4 bxc4 21.
Bxc4 Be7 22. Qe4 Nb6 23. Be3 Na4 24. Qc2 Nb6 25. Bb5 Nd5 26. Qxc6 Qxc6 27. Bxc6
Nxe3 28. fxe3 Rc8 29. Rc1 Rfd8 30. Be4 Kg8 31. Rxc8 Rxc8 32. Rd1 Rc3 33. Rd3
Rxd3 34. Bxd3 Kf8 35. Kf1 Ke8 36. Ke2 Kd7 37. Be4 Kc7 38. Kd3 a5 39. Kc4 axb4
40. axb4 Kb6 41. b5 Bc5 1/2-1/2

[Event "Woerishofen sen 2016"]
[Site "Bad Woerishofen"]
[Date "2016.03.04"]
[Round "8.41"]
[White "Lubberich, Alfred"]
[Black "Kurpiela, Franz"]
[Result "0-1"]
[WhiteElo "1848"]
[BlackElo "1722"]
[PlyCount "100"]
[EventDate "2016.02.26"]
[EventType "swiss"]
[EventCountry "GER"]
[WhiteTeam "Nettetal SG"]
[BlackTeam "Oehringen TSG"]
[WhiteTeamCountry "GER"]
[BlackTeamCountry "GER"]

1. Nf3 d5 2. d4 e6 3. e3 Nf6 4. Bd3 c5 5. b3 Nc6 6. O-O cxd4 7. exd4 h6 8. Nbd2
Bd6 9. Bb2 Qc7 10. Qe2 O-O 11. a3 Re8 12. Ne5 Nd7 13. Ndf3 a6 14. c4 b6 15.
Rac1 Qb7 16. Nxc6 Qxc6 17. cxd5 Qb7 18. dxe6 Rxe6 19. Qd2 Re7 20. Rfe1 Nf6 21.
Rxe7 Qxe7 22. Re1 Qd8 23. b4 Bb7 24. Qd1 Bc7 25. Bc4 b5 26. Bb3 Rc8 27. Ne5
Bxe5 28. dxe5 Qxd1 29. Rxd1 Nh5 30. g3 Rc7 31. f4 Kf8 32. Kf2 Ke7 33. Ke3 g6
34. Bd4 Ng7 35. Bc5+ Ke8 36. g4 h5 37. f5 gxf5 38. gxf5 Nxf5+ 39. Kf4 Nh4 40.
Bd5 Bxd5 41. Rxd5 Rd7 42. Ke4 Rxd5 43. Kxd5 Kd7 44. Bd6 Nf3 45. Kc5 h4 46. Kb6
h3 47. Kc5 Ke6 48. Kb6 Nxh2 49. Kxa6 Nf3 50. Kxb5 h2 0-1

[Event "Woerishofen sen 2016"]
[Site "Bad Woerishofen"]
[Date "2016.03.04"]
[Round "8.42"]
[White "Eigenmann, Christina"]
[Black "Dallmeier, Gerhard"]
[Result "0-1"]
[WhiteElo "1759"]
[BlackElo "1841"]
[PlyCount "76"]
[EventDate "2016.02.26"]
[EventType "swiss"]
[EventCountry "GER"]
[WhiteTeam "SUI"]
[BlackTeam "Weissenfels Roland"]
[WhiteTeamCountry "SUI"]
[BlackTeamCountry "GER"]

1. d4 Nf6 2. Bf4 d6 3. e3 g6 4. Nf3 Bg7 5. Bd3 O-O 6. Nbd2 Nfd7 7. c3 e5 8.
dxe5 dxe5 9. Bg3 Nc5 10. Bc4 Nc6 11. Qc2 Bf5 12. e4 Be6 13. O-O h5 14. Rad1 Qe7
15. b4 Bxc4 16. Nxc4 Nd7 17. Rd3 b5 18. Ne3 f5 19. Nd5 Qd8 20. Bh4 Qc8 21. exf5
e4 22. Re3 gxf5 23. Ng5 Nde5 24. Qe2 Ng4 25. Qxb5 Nxe3 26. Qxc6 Nxd5 27. Qxd5+
Kh8 28. Nf7+ Kh7 29. Ng5+ Kh8 30. c4 Qa6 31. Nxe4 fxe4 32. Qxe4 Qd6 33. c5 Qd4
34. Qe7 Rae8 35. Qxc7 Qxh4 36. Qxa7 Rxf2 37. Rd1 Bd4 38. Qd7 Rd2+ 0-1

[Event "Woerishofen sen 2016"]
[Site "Bad Woerishofen"]
[Date "2016.03.04"]
[Round "8.43"]
[White "Oser, Thor"]
[Black "Albrecht, Franz"]
[Result "1/2-1/2"]
[WhiteElo "1838"]
[BlackElo "1600"]
[PlyCount "42"]
[EventDate "2016.02.26"]
[EventType "swiss"]
[EventCountry "GER"]
[WhiteTeam "Joehlingen SK"]
[BlackTeam "Starnberg SC"]
[WhiteTeamCountry "GER"]
[BlackTeamCountry "GER"]

1. d4 d5 2. e3 e6 3. f4 Nf6 4. Bd3 b6 5. Nf3 Bb7 6. Ne5 Nbd7 7. Qf3 Nxe5 8.
fxe5 Ne4 9. Nd2 Nxd2 10. Bxd2 Qd7 11. O-O g6 12. c3 Bg7 13. Be1 O-O 14. h4 f6
15. exf6 Rxf6 16. Qh3 Rxf1+ 17. Bxf1 Rf8 18. Be2 Bc8 19. Bd2 Qe7 20. Rf1 Rxf1+
21. Kxf1 Qf8+ 1/2-1/2

[Event "Woerishofen sen 2016"]
[Site "Bad Woerishofen"]
[Date "2016.03.04"]
[Round "8.44"]
[White "Erdmann, Wolfgang"]
[Black "Kumeth, Hartmut"]
[Result "1/2-1/2"]
[WhiteElo "1729"]
[BlackElo "1833"]
[PlyCount "31"]
[EventDate "2016.02.26"]
[EventType "swiss"]
[EventCountry "GER"]
[WhiteTeam "Altstadt SC Roter Turm"]
[BlackTeam "Oldenburg SK"]
[WhiteTeamCountry "GER"]
[BlackTeamCountry "GER"]

1. d4 Nf6 2. Nf3 e6 3. e3 d5 4. Bd3 c5 5. c3 Nc6 6. a3 Qc7 7. O-O Bd6 8. Nbd2
c4 9. Bc2 e5 10. e4 Bg4 11. Qe2 b5 12. exd5 Nxd5 13. Ne4 O-O 14. Nxd6 Bxf3 15.
Qxf3 Qxd6 16. Be4 1/2-1/2

[Event "Woerishofen sen 2016"]
[Site "Bad Woerishofen"]
[Date "2016.03.04"]
[Round "8.45"]
[White "Sand, Rosemarie"]
[Black "Mahrla, Hans"]
[Result "1/2-1/2"]
[WhiteElo "1723"]
[BlackElo "1820"]
[PlyCount "68"]
[EventDate "2016.02.26"]
[EventType "swiss"]
[EventCountry "GER"]
[WhiteTeam "Tuebingen SV"]
[BlackTeam "Eichenau SC"]
[WhiteTeamCountry "GER"]
[BlackTeamCountry "GER"]

1. d4 Nf6 2. c4 e6 3. g3 d5 4. Nf3 Nc6 5. Bg2 dxc4 6. Qa4 Bd7 7. Qxc4 Rb8 8.
O-O a6 9. Bg5 Be7 10. Qc2 h6 11. Bf4 Nd5 12. Bd2 O-O 13. a3 Nf6 14. Nc3 Be8 15.
e3 b5 16. Ne4 Nxe4 17. Qxe4 Qd5 18. Qc2 a5 19. Ne5 Nxd4 20. exd4 Qxd4 21. Nf3
Qb6 22. b4 axb4 23. axb4 Rc8 24. Be3 Qb7 25. Bc5 Bxc5 26. Qxc5 Bc6 27. Nh4 Bxg2
28. Nxg2 Rfd8 29. Ra5 Rd5 30. Qe3 Ra8 31. Rxa8+ Qxa8 32. Qc3 Qd8 33. h4 Rd3 34.
Qc6 Qd7 1/2-1/2

[Event "Woerishofen sen 2016"]
[Site "Bad Woerishofen"]
[Date "2016.03.04"]
[Round "8.46"]
[White "Schweitzer, Paul"]
[Black "Thielemann, Joachim"]
[Result "0-1"]
[WhiteElo "1652"]
[BlackElo "1811"]
[PlyCount "172"]
[EventDate "2016.02.26"]
[EventType "swiss"]
[EventCountry "GER"]
[WhiteTeam "Zehlendorf SK"]
[BlackTeam "Eutin SV"]
[WhiteTeamCountry "GER"]
[BlackTeamCountry "GER"]

1. Nf3 d5 2. d4 Nf6 3. c3 Nbd7 4. e3 g6 5. Nbd2 Bg7 6. Be2 O-O 7. h4 h5 8. Qb3
c5 9. Ng5 e5 10. Ndf3 c4 11. Qd1 Ng4 12. dxe5 Ndxe5 13. Nxe5 Nxe5 14. f4 Ng4
15. Bf3 Be6 16. Nxe6 fxe6 17. Bxg4 hxg4 18. Qxg4 Qf6 19. h5 Qf5 20. Qxg6 Qxg6
21. hxg6 Rf6 22. g4 Rxg6 23. g5 Re8 24. Bd2 e5 25. O-O-O exf4 26. exf4 Ra6 27.
a3 Rf8 28. Be3 Rf5 29. Rhe1 b5 30. Kc2 Kf7 31. Bc1 Rb6 32. Re2 Rb7 33. Rde1 a5
34. Bd2 d4 35. cxd4 Bxd4 36. Re6 b4 37. g6+ Kg8 38. axb4 axb4 39. R1e4 b3+ 40.
Kc1 Rd7 41. Bc3 Bxc3 42. bxc3 Rc5 43. R6e5 Rcc7 44. f5 Kg7 45. Re8 Kf6 46. Rf8+
Kg7 47. Rf7+ Rxf7 48. gxf7 Kxf7 49. Re2 Kf6 50. Rf2 Rc5 51. Rf4 Kg5 52. Rf2
Rxf5 53. Rg2+ Kf4 54. Kb2 Ke3 55. Rg3+ Rf3 56. Rg4 Rf2+ 57. Ka1 Rf4 58. Rg3+
Kf2 59. Rg7 Re4 60. Ra7 Ke2 61. Kb2 Kd1 62. Rd7+ Ke2 63. Rc7 Rf4 64. Re7+ Kf1
65. Rc7 Re4 66. Rf7+ Ke2 67. Rd7 Kf3 68. Rf7+ Kg3 69. Rc7 Kf4 70. Rc8 Ke5 71.
Rd8 Ke6 72. Ka3 Ke7 73. Rd2 Re6 74. Kb2 Rd6 75. Re2+ Kd7 76. Rg2 Kc7 77. Rg7+
Kb6 78. Rg8 Rd2+ 79. Kb1 Rc2 80. Rg3 Kb5 81. Rg5+ Ka4 82. Rg7 Rxc3 83. Kb2 Rc2+
84. Kb1 Kb4 85. Rb7+ Kc3 86. Rb6 Re2 0-1

[Event "Woerishofen sen 2016"]
[Site "Bad Woerishofen"]
[Date "2016.03.04"]
[Round "8.47"]
[White "Rothenhagen, Siegfried"]
[Black "Aufmwasser, Guenter"]
[Result "1/2-1/2"]
[WhiteElo "1806"]
[BlackElo "1701"]
[PlyCount "30"]
[EventDate "2016.02.26"]
[EventType "swiss"]
[EventCountry "GER"]
[WhiteTeam "Windach SF"]
[BlackTeam "Hilden SV"]
[WhiteTeamCountry "GER"]
[BlackTeamCountry "GER"]

1. d4 Nf6 2. Bf4 g6 3. e3 Bg7 4. h3 d5 5. c3 O-O 6. Nf3 e6 7. Bd3 Ne4 8. Nbd2
Nxd2 9. Qxd2 f5 10. h4 Bf6 11. Bh6 Bg7 12. Bxg7 Kxg7 13. Ne5 Nd7 14. f4 Nxe5
15. dxe5 h5 1/2-1/2

[Event "Woerishofen sen 2016"]
[Site "Bad Woerishofen"]
[Date "2016.03.04"]
[Round "8.49"]
[White "Birkestrand, Odd"]
[Black "Fuchs, Joachim"]
[Result "1/2-1/2"]
[WhiteElo "1746"]
[BlackElo "1884"]
[PlyCount "81"]
[EventDate "2016.02.26"]
[EventType "swiss"]
[EventCountry "GER"]
[WhiteTeam "NOR"]
[BlackTeam "Starnberg SC"]
[WhiteTeamCountry "NOR"]
[BlackTeamCountry "GER"]

1. e4 d6 2. d4 g6 3. Nc3 Bg7 4. f4 c6 5. Nf3 Bg4 6. Be2 Bxf3 7. Bxf3 Qa5 8. O-O
Nd7 9. Kh1 e6 10. Qd3 Ne7 11. Be3 O-O 12. e5 d5 13. a3 a6 14. b4 Qc7 15. Nd1 b5
16. g4 a5 17. bxa5 Qxa5 18. Bd2 Qa6 19. Bb4 Rfe8 20. Be2 Nc8 21. Nb2 Ncb6 22.
Rfb1 Rec8 23. a4 Nc4 24. Qc3 c5 25. dxc5 g5 26. axb5 Qxa1 27. Rxa1 Rxa1+ 28.
Kg2 Nxb2 29. Qxb2 Rca8 30. c6 R1a2 31. Qb3 Nb6 32. Bc5 gxf4 33. Bd4 R2a3 34.
Qb4 f3+ 35. Bxf3 Bf8 36. Bc5 R8a4 37. Qe1 Bxc5 38. Qh4 Ra8 39. c7 Rc8 40. Qd8+
Bf8 41. Qg5+ 1/2-1/2

[Event "Woerishofen sen 2016"]
[Site "Bad Woerishofen"]
[Date "2016.03.04"]
[Round "8.50"]
[White "Zwetz, Anita"]
[Black "Titz, Waldemar"]
[Result "1/2-1/2"]
[WhiteElo "1864"]
[BlackElo "1725"]
[PlyCount "110"]
[EventDate "2016.02.26"]
[EventType "swiss"]
[EventCountry "GER"]
[WhiteTeam "Kareth Lappersdorf TSV"]
[BlackTeam "Rottweil SV"]
[WhiteTeamCountry "GER"]
[BlackTeamCountry "GER"]

1. d4 Nf6 2. Bg5 e6 3. e4 Be7 4. Nd2 d6 5. Ngf3 h6 6. Bxf6 Bxf6 7. c3 Nd7 8.
Bd3 b6 9. Qe2 Bb7 10. Nc4 e5 11. Ne3 O-O 12. dxe5 dxe5 13. O-O-O Qe8 14. Bc2
Nc5 15. Nd5 Bxd5 16. exd5 Qe7 17. Kb1 a5 18. Nd2 Rad8 19. Ne4 Nxe4 20. Qxe4 g6
21. h4 Bg7 22. g4 Qf6 23. h5 Rd6 24. hxg6 fxg6 25. Rhf1 Qf4 26. f3 Qxe4 27.
Bxe4 g5 28. Rd3 Bf6 29. c4 Rb8 30. Rc3 Rdd8 31. Re1 Be7 32. a3 Bd6 33. Kc2 Kf7
34. Rb1 Bc5 35. b4 axb4 36. axb4 Bd4 37. Ra3 Ra8 38. Rxa8 Rxa8 39. d6 Ra7 40.
d7 Ke7 41. Bf5 Ra1 42. Rxa1 Bxa1 43. c5 bxc5 44. bxc5 Kd8 45. c6 Bd4 46. Kd3
Bb2 47. Ke4 Bc1 48. Kxe5 Bf4+ 49. Kf6 Bc1 50. Kg6 Bf4 51. Kxh6 Bc1 52. Kg6 Bf4
53. Be6 Bc1 54. Kf5 Bf4 55. Ke4 Bc1 1/2-1/2

[Event "Woerishofen sen 2016"]
[Site "Bad Woerishofen"]
[Date "2016.03.04"]
[Round "8.51"]
[White "Dombrowe, Eckehard"]
[Black "Alefs, Heinz"]
[Result "1/2-1/2"]
[WhiteElo "1793"]
[BlackElo "2016"]
[PlyCount "146"]
[EventDate "2016.02.26"]
[EventType "swiss"]
[EventCountry "GER"]
[WhiteTeam "Nettetal SG"]
[BlackTeam "Eichenau SC"]
[WhiteTeamCountry "GER"]
[BlackTeamCountry "GER"]

1. d4 f5 2. c4 g6 3. g3 Nf6 4. Bg2 d6 5. Nc3 Bg7 6. Nf3 O-O 7. O-O Na6 8. Re1
Qe8 9. e4 fxe4 10. Nxe4 Nxe4 11. Rxe4 Bf5 12. Re1 Nb4 13. Nh4 Nc6 14. Nxf5 Rxf5
15. Bh3 Rf8 16. Be6+ Kh8 17. Be3 Nd8 18. Bh3 e5 19. dxe5 Qxe5 20. Rb1 Qf6 21.
b3 Nc6 22. Bg2 a6 23. h4 h6 24. a3 Rab8 25. Re2 Ne5 26. Bf4 b6 27. Qd2 Kh7 28.
Rbe1 Rbe8 29. Bd5 Qf5 30. Bg2 Re7 31. Bxe5 dxe5 32. Be4 Qg4 33. Kg2 Rd7 34. Qc2
Rf6 35. f3 Qe6 36. h5 Rd4 37. hxg6+ Kg8 38. Rd1 Qd7 39. Red2 c6 40. Rd3 Rfd6
41. b4 Rxd3 42. Rxd3 Rd4 43. Qb3 Qe6 44. c5 Qxb3 45. Rxb3 bxc5 46. bxc5 Rc4 47.
Bxc6 Rxc5 48. Be4 a5 49. g4 Rc2+ 50. Kg3 Rc7 51. Rb5 Ra7 52. a4 Bf8 53. Rb8 Kg7
54. Rb5 Kf6 55. Kf2 Bb4 56. Ke2 Bc3 57. Kd3 Rc7 58. Rb6+ Kg5 59. Bf5 Bb4 60.
Ke4 Bc3 61. Kd5 Bd4 62. Rb5 Bc3 63. Rc5 Rxc5+ 64. Kxc5 Kf6 65. Kd5 Bb2 66. Be4
Bc3 67. Kd6 Bb4+ 68. Kd5 Bc3 69. Kc4 Bd4 70. Kd3 Ba1 71. Ke2 Bc3 72. Kf2 Bd4+
73. Kg3 Be3 1/2-1/2

[Event "Woerishofen sen 2016"]
[Site "Bad Woerishofen"]
[Date "2016.03.04"]
[Round "8.52"]
[White "Straesser, Gerda"]
[Black "Skibbe, Hannes"]
[Result "1/2-1/2"]
[WhiteElo "1696"]
[BlackElo "1766"]
[PlyCount "57"]
[EventDate "2016.02.26"]
[EventType "swiss"]
[EventCountry "GER"]
[WhiteTeam "Rottweil SV"]
[BlackTeam "Hessenstein TSV"]
[WhiteTeamCountry "GER"]
[BlackTeamCountry "GER"]

1. e4 e6 2. d4 d5 3. Nd2 c5 4. c3 Nf6 5. e5 Nfd7 6. Bd3 Nc6 7. Ne2 Qb6 8. Nf3
cxd4 9. cxd4 Bb4+ 10. Bd2 O-O 11. O-O Bxd2 12. Qxd2 h6 13. Rac1 Qd8 14. Rfe1
Nb6 15. a3 Bd7 16. b4 Ne7 17. h3 Rc8 18. Rxc8 Qxc8 19. Rc1 Qb8 20. b5 Rc8 21.
Qb4 Rxc1+ 22. Nxc1 Ng6 23. Ne2 Qc7 24. Qb1 Nf8 25. Nd2 Nc8 26. a4 b6 27. Qc2
Qxc2 28. Bxc2 g6 29. f4 1/2-1/2

[Event "Woerishofen sen 2016"]
[Site "Bad Woerishofen"]
[Date "2016.03.04"]
[Round "8.53"]
[White "Auterhoff, Juergen"]
[Black "Bartlitz, Heinz"]
[Result "1-0"]
[WhiteElo "1763"]
[BlackElo "1659"]
[PlyCount "91"]
[EventDate "2016.02.26"]
[EventType "swiss"]
[EventCountry "GER"]
[WhiteTeam "Pasing SC"]
[BlackTeam "Bramfelder SK"]
[WhiteTeamCountry "GER"]
[BlackTeamCountry "GER"]

1. e4 e6 2. d4 d5 3. Nd2 Nc6 4. c3 a6 5. Bd3 Bd7 6. Ne2 dxe4 7. Nxe4 Nf6 8.
N2g3 Be7 9. O-O O-O 10. Re1 Bd6 11. Nxd6 cxd6 12. Bf4 d5 13. Bc2 Ne7 14. Bd6
Re8 15. Bxe7 Rxe7 16. Re5 Qf8 17. Qf3 b5 18. Rae1 Rc8 19. Nf5 Ree8 20. Nh6+ Kh8
21. Rg5 Qe7 22. Nf5 Qf8 23. Nxg7 Qe7 24. Nxe8 Rxe8 25. Ree5 Ng8 26. Rh5 h6 27.
Qf4 Qf8 28. Reg5 Re7 29. Rxg8+ Kxg8 30. Rxh6 f5 31. Qh4 Qg7 32. Qh5 Be8 33. Qh4
Bd7 34. Rh8+ Qxh8 35. Qxe7 Qg7 36. Qxg7+ Kxg7 37. f4 Kh6 38. Kf2 Be8 39. h4 Bh5
40. a4 Be8 41. axb5 Bxb5 42. Bd1 Be8 43. b4 Bb5 44. Be2 Bxe2 45. Kxe2 Kh5 46.
g3 1-0

[Event "Woerishofen sen 2016"]
[Site "Bad Woerishofen"]
[Date "2016.03.04"]
[Round "8.54"]
[White "Wraga, Teresa"]
[Black "Wagner, Gerhard"]
[Result "1/2-1/2"]
[WhiteElo "1687"]
[BlackElo "1760"]
[PlyCount "48"]
[EventDate "2016.02.26"]
[EventType "swiss"]
[EventCountry "GER"]
[WhiteTeam "Osnabrueck SG"]
[BlackTeam "Windach SF"]
[WhiteTeamCountry "GER"]
[BlackTeamCountry "GER"]

1. e4 e6 2. d3 d5 3. Nd2 dxe4 4. dxe4 Nd7 5. g3 c6 6. Bg2 Be7 7. Ngf3 Qc7 8.
O-O Ngf6 9. c3 O-O 10. Qc2 Ng4 11. Nc4 b5 12. Ne3 Nxe3 13. Bxe3 e5 14. b4 Bb7
15. Nd2 c5 16. bxc5 Nxc5 17. Nb3 Na4 18. Bd2 Rac8 19. c4 Qxc4 20. Qxc4 Rxc4 21.
Na5 Rc7 22. Nxb7 Rxb7 23. Rfc1 Nb6 24. Rab1 a6 1/2-1/2

[Event "Woerishofen sen 2016"]
[Site "Bad Woerishofen"]
[Date "2016.03.04"]
[Round "8.55"]
[White "Schlemminger, Degenhard"]
[Black "Winter, Reinhold"]
[Result "0-1"]
[WhiteElo "1678"]
[BlackElo "1748"]
[PlyCount "102"]
[EventDate "2016.02.26"]
[EventType "swiss"]
[EventCountry "GER"]
[WhiteTeam "Reutlingen SV"]
[BlackTeam "Neuenkirchen SF"]
[WhiteTeamCountry "GER"]
[BlackTeamCountry "GER"]

1. e4 d5 2. exd5 Qxd5 3. Nc3 Qa5 4. Nf3 Bg4 5. Be2 e6 6. O-O Nf6 7. d3 Be7 8.
Nd2 Bxe2 9. Qxe2 c6 10. Nf3 O-O 11. Bd2 Qc7 12. Rfe1 Nbd7 13. b3 Nd5 14. g3 Bf6
15. Nxd5 cxd5 16. Bf4 Qa5 17. d4 Rac8 18. a4 Qc3 19. Rac1 Bxd4 20. Nxd4 Qxd4
21. Be3 Qb4 22. Qb5 Qxb5 23. axb5 b6 24. f4 g6 25. Re2 Rc7 26. c4 dxc4 27. Rxc4
Rxc4 28. bxc4 Rc8 29. Rc2 e5 30. Kf2 e4 31. Bd4 f5 32. h4 h5 33. Ke3 Kf7 34.
Rc3 Ke6 35. Ra3 Rxc4 36. Rxa7 Rb4 37. Ra3 Rxb5 38. Rc3 Nc5 39. Kd2 Kd5 40. Bf6
Rb3 41. Rxb3 Nxb3+ 42. Kc3 Nc5 43. Be7 e3 44. Kc2 Ke4 45. Bf6 Kf3 46. Bc3 Kxg3
47. Kd1 Kxf4 48. Ke2 Ke4 49. Bb4 f4 50. Kd1 f3 51. Ke1 Nd3+ 0-1

[Event "Woerishofen sen 2016"]
[Site "Bad Woerishofen"]
[Date "2016.03.04"]
[Round "8.57"]
[White "Floeren, Ernst"]
[Black "Westermayer, Johann"]
[Result "1/2-1/2"]
[WhiteElo "1737"]
[BlackElo "1599"]
[PlyCount "59"]
[EventDate "2016.02.26"]
[EventType "swiss"]
[EventCountry "GER"]
[WhiteTeam "-"]
[BlackTeam "AUT"]
[BlackTeamCountry "AUT"]

1. e4 c6 2. d4 d5 3. exd5 Qxd5 4. c4 Qa5+ 5. Nc3 Nf6 6. Bd2 Qc7 7. Be2 Bf5 8.
Nf3 e6 9. O-O Ne4 10. Nxe4 Bxe4 11. Ne5 Nd7 12. Ng4 Be7 13. Bc3 Nf6 14. Bf3
Nxg4 15. Bxg4 O-O 16. Bf3 Bxf3 17. Qxf3 Bf6 18. Rad1 Rad8 19. d5 Bxc3 20. bxc3
cxd5 21. cxd5 exd5 22. Rxd5 Rxd5 23. Qxd5 b6 24. Qb3 Qe7 25. h3 h6 26. Rd1 Rd8
27. Rd4 Qe1+ 28. Kh2 Rxd4 29. cxd4 Qxf2 30. d5 1/2-1/2

[Event "Woerishofen sen 2016"]
[Site "Bad Woerishofen"]
[Date "2016.03.04"]
[Round "8.58"]
[White "Hahn, Volker"]
[Black "Felger, Karl"]
[Result "1-0"]
[WhiteElo "1679"]
[BlackElo "1813"]
[PlyCount "73"]
[EventDate "2016.02.26"]
[EventType "swiss"]
[EventCountry "GER"]
[WhiteTeam "DBSB"]
[BlackTeam "Schorndorf Schachmatt"]
[WhiteTeamCountry "GER"]
[BlackTeamCountry "GER"]

1. d4 d5 2. c4 e6 3. Nf3 c6 4. e3 f5 5. g3 Nf6 6. Qc2 b6 7. Bg2 Bd6 8. b3 O-O
9. O-O Ba6 10. Re1 Ne4 11. Nbd2 Nd7 12. Bb2 Qe7 13. Rac1 Rfc8 14. Nxe4 dxe4 15.
Ne5 Bxe5 16. dxe5 c5 17. Rcd1 Bb7 18. Rd6 Rd8 19. Red1 Nf8 20. Qd2 Rxd6 21.
exd6 Qd7 22. Qc3 Rd8 23. a3 Ng6 24. h4 h5 25. Bf1 Kh7 26. Be2 e5 27. Bxh5 Re8
28. Bxg6+ Kxg6 29. Kh2 Bc8 30. Rd5 f4 31. exf4 Qh3+ 32. Kg1 e3 33. Qxe3 Bb7 34.
fxe5 Bxd5 35. Qg5+ Kf7 36. cxd5 Kg8 37. e6 1-0

[Event "Woerishofen sen 2016"]
[Site "Bad Woerishofen"]
[Date "2016.03.04"]
[Round "8.60"]
[White "Mueller, Dieter"]
[Black "Traversi, Carlo"]
[Result "1/2-1/2"]
[WhiteElo "1701"]
[BlackElo "1572"]
[PlyCount "96"]
[EventDate "2016.02.26"]
[EventType "swiss"]
[EventCountry "GER"]
[WhiteTeam "-"]
[BlackTeam "ITA"]
[BlackTeamCountry "ITA"]

1. Nf3 Nf6 2. c4 d5 3. g3 dxc4 4. Na3 g6 5. Nxc4 Bg7 6. Bg2 O-O 7. d3 Nc6 8.
O-O Re8 9. Bg5 h6 10. Bd2 Nd4 11. Nxd4 Qxd4 12. Bc3 Qd8 13. Rc1 Rb8 14. a4 Nd5
15. Bxg7 Kxg7 16. Qc2 c6 17. e4 Nf6 18. Qc3 Kh7 19. Ne5 Rf8 20. h3 Nd7 21. Ng4
h5 22. Ne3 Nf6 23. e5 Nd5 24. Nxd5 cxd5 25. d4 Be6 26. Kh2 Rc8 27. Qd2 Qd7 28.
b3 Rxc1 29. Rxc1 Rc8 30. Rc3 Rxc3 31. Qxc3 b6 32. Bf1 Bf5 33. Bb5 Qc8 34. Qxc8
Bxc8 35. Bc6 e6 36. b4 Kg7 37. f3 Kf8 38. g4 hxg4 39. hxg4 g5 40. Kg3 Kg7 41.
f4 gxf4+ 42. Kxf4 Ba6 43. b5 Bc8 44. g5 a6 45. Kg4 Kg6 46. Be8 axb5 47. axb5
Bb7 48. Bc6 Bc8 1/2-1/2

[Event "Woerishofen sen 2016"]
[Site "Bad Woerishofen"]
[Date "2016.03.04"]
[Round "8.61"]
[White "Engl, Heinz"]
[Black "Bauder, Herbert"]
[Result "1-0"]
[WhiteElo "2015"]
[BlackElo "1897"]
[PlyCount "59"]
[EventDate "2016.02.26"]
[EventType "swiss"]
[EventCountry "GER"]
[WhiteTeam "Muenchen Blinden SC"]
[BlackTeam "Steglitz Wilmersdorf SG Lasker"]
[WhiteTeamCountry "GER"]
[BlackTeamCountry "GER"]

1. e4 c5 2. b3 Nc6 3. Bb2 d6 4. Bb5 Bd7 5. f4 a6 6. Bxc6 Bxc6 7. d3 e6 8. Nf3
Nf6 9. Nbd2 Be7 10. O-O O-O 11. Qe2 Rc8 12. c4 Ne8 13. Rad1 Qa5 14. Kh1 b5 15.
d4 Qc7 16. d5 Bd7 17. e5 exd5 18. cxd5 Bg4 19. h3 Bxf3 20. Rxf3 f6 21. Rg3 Qd8
22. Ne4 Rc7 23. Qh5 fxe5 24. fxe5 Rf4 25. exd6 Bxd6 26. Ng5 g6 27. Nxh7 Rxh7
28. Qxg6+ Ng7 29. Bxg7 Qd7 30. Bf6+ 1-0

[Event "Woerishofen sen 2016"]
[Site "Bad Woerishofen"]
[Date "2016.03.04"]
[Round "8.62"]
[White "Thonig, Manfred"]
[Black "Flockerzi, Armin"]
[Result "0-1"]
[WhiteElo "1660"]
[BlackElo "1806"]
[PlyCount "128"]
[EventDate "2016.02.26"]
[EventType "swiss"]
[EventCountry "GER"]
[WhiteTeam "Starnberg SC"]
[BlackTeam "Koblenz VfR SC"]
[WhiteTeamCountry "GER"]
[BlackTeamCountry "GER"]

1. f4 d5 2. Nf3 Nf6 3. e3 e6 4. b3 Be7 5. Bb2 b6 6. Bb5+ c6 7. Bd3 Bb7 8. O-O
O-O 9. Ne5 c5 10. c3 h6 11. Qf3 Nbd7 12. c4 Rb8 13. Qh3 Nxe5 14. Bxe5 Nd7 15.
Bxb8 Qxb8 16. cxd5 Bxd5 17. e4 Bc6 18. Nc3 Nf6 19. e5 Nd5 20. Nxd5 Bxd5 21.
Rae1 Qb7 22. f5 exf5 23. Qxf5 g6 24. Qh3 Kg7 25. Qg3 Qd7 26. Bc2 a6 27. Bf5 Be6
28. Bxe6 Qxe6 29. h4 h5 30. Rf4 Kg8 31. Qf3 f5 32. g3 b5 33. d4 cxd4 34. Kg2
Rd8 35. Qd3 Bb4 36. Re2 Bc3 37. Rf1 b4 38. Rc1 Kg7 39. a3 a5 40. axb4 axb4 41.
Qb5 d3 42. Ra2 Qd5+ 43. Qxd5 Rxd5 44. Ra7+ Kf8 45. e6 Re5 46. Rf7+ Ke8 47. Ra7
Rxe6 48. Ra8+ Kf7 49. Ra7+ Kf6 50. Rd1 d2 51. Kf3 Rd6 52. Ra8 Rd3+ 53. Ke2 Rxg3
54. Ra6+ Kg7 55. Ra7+ Kh6 56. Kf2 Rg4 57. Ra6 Rxh4 58. Kg3 Rg4+ 59. Kf3 h4 60.
Rh1 Kh5 61. Rc6 Re4 62. Rc4 Re1 63. Rcxh4+ Kg5 64. R4h2 d1=Q+ 0-1

[Event "Woerishofen sen 2016"]
[Site "Bad Woerishofen"]
[Date "2016.03.04"]
[Round "8.63"]
[White "Wraga, Hermann"]
[Black "Samarian, Cornel"]
[Result "1/2-1/2"]
[WhiteElo "1667"]
[BlackElo "1693"]
[PlyCount "40"]
[EventDate "2016.02.26"]
[EventType "swiss"]
[EventCountry "GER"]
[WhiteTeam "Osnabrueck SG"]
[BlackTeam "Lohkirchen SC"]
[WhiteTeamCountry "GER"]
[BlackTeamCountry "GER"]

1. e4 b6 2. d3 e6 3. Nd2 Nc6 4. g3 Bb7 5. Bg2 d6 6. Ngf3 Be7 7. O-O e5 8. Re1
Qd7 9. c3 O-O-O 10. Qc2 Bf6 11. Nb3 Kb8 12. a4 a5 13. Be3 Nge7 14. d4 exd4 15.
Nfxd4 Nc8 16. Nb5 Rhe8 17. Rad1 N8a7 18. Nxa7 Nxa7 19. Nd4 g6 20. b3 Nc6
1/2-1/2